00786nam a22001817a 4500003000400000005001700004008003400021020001800055040002500073100002300098245013600121260008500257300003700342500007300379500005700452700003700509710005800546OSt20201030145610.0201014b 2018 dr a c 00| 0 eng d a9789945090765 aDO-SdBNPbspacBNPHU1 aBautista, Félix 10aEducación de calidad :b el imperativo del desarrollo y la equidad social /cFélix Bautista ; prólogo Rubén Zabala Moreta. aSanto Domingo : b Fundación Nacional De Desarrollo Integral, (FUNDI), c2018 a252 p. : bil., retrs. c23 cm.  aIncluye referencias bibliográficas y notas al pie de las páginas aIncluye datos biográficos del autor en las solapas1 aZabala Moreta, Rubén,epról.2 a Fundación Nacional De Desarrollo Integral, (FUNDI)